Tous les candidats de la star academy - Statistiques

Statistiques générales
  • Ce quiz a été pris 91 fois
  • Le résultat moyen est 17 sur 26
Statistiques - réponses
LETTRE NOMBRE DE POSSIBILITÉS REPONSE % Correct
W 0 N/A
99%
X 0 N/A
99%
M 24 Magalie | Manika | Margot | Marie-Maud | Marina | Mario | Marjorie | Maryline | Mathieu | Mathilde | Maud | Maureen | Michal | Michaël | Mickels | Moïses | Morgan | Morganne | Marine | Marguerite | Melissa | Masseo | Mehdi | Maia
95%
J 18 Jean-Charles | Jean-Luc | Jean-Pascal | Jenifer | Jérémy Amelin | Jérémy Chapron | Jérémy | Jessica | Jill | Jimmy | Joanna | John | Judith | Julia | Julien Canaby | Julien Lieb | Julie | Jeanne
92%
C 15 Candice | Carine | Carla | Catherine | Cécile | Céline | Cenzo | Chloé | Charles | Chris | Claire-Marie | Clara | Claudia | Cynthia | Cyril
88%
P 11 Paola | Pascal | Patrice | Patxi | Pauline | Philippe | Pierre | Pierre Mathyss | Pierre Suppa | Pierre Garnier | Paul
88%
A 19 Ahcène | Alexandra | Alexandre | Alexia | Alice | Amandine | Amina | Amisse | Ana | Anisha | Anissa | Anne Swann | Anne-Laure | Antoine | Arno | Aurélie | Axel | Ambre | Anouk
86%
E 13 Édouard | Elfy | Élodie | Éloïsha | Ély | Émilie | Emma Daumas | Enola | Enrique | Eva | Emma | Ebony | Ema
86%
L 18 Laure | Laurène | Laurent | Léa | Lénie Vacher | Lennie Marshall | Lola Solia | Louis Albi | Louis | Louis Montemont | Lucie Azard | Lucie Bernardoni | Ludovic | Lukas | Leane | Lily | Léo | Lenny
86%
G 8 Gaël | Gaëtan | Gauthier | Gautier | Georges-Alain | Grégoire | Grégory |Grégory Lemarchal
81%
H 5 Harlem | Harold | Héléna | Hoda | Houcine
78%
S 12 Sandy | Sébastien | Sevan | Sidoine | Sidonie | Sofia | Sofiane | Solène | Stanislas | Stéphane | Stéphanie | Sarah
78%
B 4 Bastien | Bertrand | Brice | Bastiann
75%
N 8 Nancy | Nassim | Nazim | Neïssa | Nicolas Charvillat | Noémie | Nolwenn | Noah
74%
Q 2 Quentin | Quentin Mosimann
74%
V 4 Valérie | Vanina | Victorien | Victor
71%
F 7 Fabien | Fafa | Faustine | Florence | Francesca | François | Franck
68%
T 7 Tad | Tiana | Tina | Tony | Thomas | Theo L | Theo P
66%
D 6 Daniel | David | Djalil | Djebril | Dojima | Dominique
53%
U 1 Ulysse
51%
R 3 Radia | Romain | Rudy
37%
I 2 Icaro | Isabelle
36%
K 2 Karima | Khalifa
30%
O 1 Olivia Ruiz
21%
Z 1 Zayra
18%
Y 2 Yvane | Yaëlle
16%
Aucun quiz correspondant
Distribution des résultats
% des personnes avec chaque résultat
Percentile par nombre de réponses
Votre historique - résultats
Vous n’avez pas pris ce quiz